000 00441nam a2200145Ia 4500
003 OSt
005 20230524114637.0
008 211028s2019 xx 000 0 und d
040 _cAIMIT LIBRARY
041 _aeng
100 _aNaik, Chethan Kumar;Dias, Beena.
_g1716044
_98024
245 _aStudy on awareness of personal financial planning among working youth in Mangaluru.
260 _aMangalore
_bJustine James
_c2019
942 _2ddc
_cPRO
999 _c219592
_d219592